[Event "9th RTU Open 2019"]
[Site "Riga"]
[Date "2019.08.07"]
[Round "4.31"]
[White "Kjartansson, Gudmundur"]
[Black "Rakshitta Ravi"]
[Result "1-0"]
[WhiteElo "2470"]
[BlackElo "2112"]
[Annotator "ChessBase"]
[PlyCount "95"]
[EventDate "2019.08.05"]
[EventType "swiss"]
[EventCountry "LAT"]
[SourceTitle "playchess.com"]
[Source "ChessBase"]
[SourceQuality "1"]
[TimeControl "5400+30"]

1. d4 {[%emt 0:02:00]} Nf6 {[%emt 0:00:00]} 2. c4 {[%emt 0:00:05]} e6 {[%emt 0:00:00]} 3. Nc3 {[%emt 0:00:13]} d5 {[%emt 0:00:00]} 4. cxd5 {[%emt 0:00:05]} exd5 {[%emt 0:00:03]} 5. Bg5 {[%emt 0:00:04]} Nbd7 {[%emt 0:00:12]} 6. e3 {[%emt 0:00:14]} c6 {[%emt 0:00:05]} 7. Bd3 {[%emt 0:00:15]} Be7 {[%emt 0:00:16]} 8. Nge2 {[%emt 0:00:29]} O-O {[%emt 0:00:10]} 9. Qc2 {[%emt 0:00:25]} h6 {[%emt 0:00:35]} 10. Bh4 {[%emt 0:01:09]} Re8 {[%emt 0:00:36]} 11. f3 {[%emt 0:03:28]} c5 {[%emt 0:01:07]} 12. O-O-O {[%emt 0:02:25]} c4 {[%emt 0:00:57]} 13. Bf5 {[%emt 0:00:15]} b5 {[%emt 0:00:46]} 14. Nxb5 {[%emt 0:01:12]} Qa5 {[%emt 0:00:14]} 15. Nbc3 {[%emt 0:00:38]} Rb8 {[%emt 0:00:25]} 16. Qa4 {[%emt 0:04:44]} Qb6 {[%emt 0:00:22]} 17. Rd2 {[%emt 0:00:35]} Bb4 {[%emt 0:01:26]} 18. e4 {[%emt 0:19:42]} g6 {[%emt 0:29:57]} 19. Bxf6 {[%emt 0:05:45]} gxf5 {[%emt 0:02:35]} 20. Bh4 {[%emt 0:15:37]} fxe4 {[%emt 0:01:02]} 21. Qc2 {[%emt 0:02:24]} e3 {[%emt 0:07:17]} 22. Rdd1 {[%emt 0:00:26]} Qa5 {[%emt 0:07:02]} 23. g4 {[%emt 0:01:07]} Ba3 {[%emt 0:07:38]} 24. Na4 {[%emt 0:05:03]} Nb6 {[%emt 0:04:38]} 25. Nac3 {[%emt 0:00:32]} Nd7 {[%emt 0:16:16]} 26. Na4 {[%emt 0:00:18]} Nb6 {[%emt 0:03:42]} 27. Nc5 {[%emt 0:07:31]} c3 {[%emt 0:06:47]} 28. Qxc3 {[%emt 0:01:34]} Bxb2+ {[%emt 0:03:16]} 29. Qxb2 {[%emt 0:00:32]} Nc4 {[%emt 0:00:05]} 30. Nb3 {[%emt 0:01:51]} Qa4 {[%emt 0:05:49]} 31. Qc2 {[%emt 0:00:11]} Qa3+ {[%emt 0:00:49]} 32. Kb1 {[%emt 0:00:03]} Nd2+ {[%emt 0:00:03]} 33. Rxd2 {[%emt 0:00:08]} exd2 {[%emt 0:00:01]} 34. Nc3 {[%emt 0:00:57]} Ba6 {[%emt 0:00:15]} 35. Nxd5 {[%emt 0:03:25]} Re2 {[%emt 0:01:40]} 36. Nf6+ {[%emt 0:07:54]} Kf8 {[%emt 0:00:23]} 37. Rd1 {[%emt 0:03:51]} Re3 {[%emt 0:00:18]} 38. Nd7+ {[%emt 0:00:53]} Kg8 {[%emt 0:00:50]} 39. Nf6+ {[%emt 0:01:24]} Kf8 {[%emt 0:00:03]} 40. Qc5+ {[%emt 0:00:53]} Qxc5 {[%emt 0:00:05]} 41. Nd7+ {[%emt 0:02:11]} Kg8 {[%emt 0:00:15]} 42. dxc5 {[%emt 0:01:51]} Rb4 {[%emt 0:00:01]} 43. Nf6+ {[%emt 0:01:00]} Kf8 {[%emt 0:00:49]} 44. Nd5 {[%emt 0:00:07]} Rbxb3+ {[%emt 0:01:11]} 45. axb3 {[%emt 0:00:07]} Rxb3+ {[%emt 0:00:07]} 46. Kc2 {[%emt 0:00:16]} Rxf3 {[%emt 0:00:15]} 47. Rxd2 {[%emt 0:00:28]} Bb7 {[%emt 0:00:06]} 48. Nf6 {[%emt 0:01:27]} 1-0

[Event "9th RTU Open 2019"]
[Site "Riga"]
[Date "2019.08.07"]
[Round "4.32"]
[White "Dordzhieva, Dinara"]
[Black "Bulmaga, Irina"]
[Result "1-0"]
[WhiteElo "2306"]
[BlackElo "2435"]
[Annotator "NA"]
[PlyCount "83"]
[EventDate "2019.08.05"]
[EventType "swiss"]
[EventCountry "LAT"]
[SourceTitle "playchess.com"]
[Source "ChessBase"]
[SourceQuality "1"]
[TimeControl "5400+30"]

1. Nf3 {[%emt 0:00:00]} Nf6 {[%emt 0:00:00]} 2. c4 {[%emt 0:00:00]} b6 {[%emt 0:00:00]} 3. g3 {[%emt 0:00:00]} Bb7 {[%emt 0:00:00]} 4. Bg2 {[%emt 0:00:00]} e6 {[%emt 0:00:07]} 5. O-O {[%emt 0:00:08]} Be7 {[%emt 0:00:05]} 6. b3 {[%emt 0:00:05]} O-O {[%emt 0:00:33]} 7. Bb2 {[%emt 0:00:07]} d5 {[%emt 0:00:40]} 8. e3 {[%emt 0:00:05]} dxc4 {[%emt 0:00:24]} 9. bxc4 {[%emt 0:00:18]} c5 {[%emt 0:00:07]} 10. Qe2 {[%emt 0:01:03]} Nc6 {[%emt 0:01:22]} 11. Nc3 {[%emt 0:03:06]} a6 {[%emt 0:03:30]} 12. Ne1 {[%emt 0:00:40]} Rb8 {[%emt 0:03:43]} 13. f4 {[%emt 0:02:32]} Qd7 {[%emt 0:01:13]} 14. g4 {[%emt 0:03:26]} Rfd8 {[%emt 0:03:49]} 15. g5 {[%emt 0:02:41]} Ne8 {[%emt 0:00:08]} 16. d3 {[%emt 0:04:19]} Nd6 {[%emt 0:05:35]} 17. Rf3 {[%emt 0:04:19]} b5 {[%emt 0:03:45]} 18. Rh3 {[%emt 0:02:50]} g6 {[%emt 0:00:34]} 19. cxb5 {[%emt 0:07:42]} axb5 {[%emt 0:03:51]} 20. Qg4 {[%emt 0:06:58]} e5 {[%emt 0:05:26]} 21. Qh4 {[%emt 0:07:27]} h5 {[%emt 0:00:10]} 22. e4 {[%emt 0:13:45]} exf4 {[%emt 0:08:48]} 23. Nd5 {[%emt 0:03:07]} Nd4 {[%emt 0:02:58]} 24. Nxe7+ {[%emt 0:09:18]} Qxe7 {[%emt 0:00:18]} 25. Nf3 {[%emt 0:04:13]} Ne8 {[%emt 0:19:28]} 26. Nxd4 {[%emt 0:03:11]} cxd4 {[%emt 0:00:20]} 27. Qxf4 {[%emt 0:02:55]} Rbc8 {[%emt 0:03:06]} 28. Rf1 {[%emt 0:00:04]} Ng7 {[%emt 0:01:56]} 29. Rhf3 {[%emt 0:01:11]} Rc2 {[%emt 0:19:56]} 30. Ba3 {[%emt 0:13:33]} b4 {[%emt 0:03:22]} 31. Bxb4 {[%emt 0:01:26]} Qxb4 {[%emt 0:02:27]} 32. Qxf7+ {[%emt 0:00:04]} Kh7 {[%emt 0:07:12]} 33. Rf6 {[%emt 0:00:21]} Rxg2+ {[%emt 0:00:39]} 34. Kxg2 {[%emt 0:00:13]} Qd2+ {[%emt 0:00:44]} 35. Kh1 {[%emt 0:00:18]} Qxg5 {[%emt 0:00:37]} 36. Rg1 {[%emt 0:01:01]} Bd5 {[%emt 0:00:34]} 37. exd5 {[%emt 0:00:57]} Qxd5+ {[%emt 0:00:20]} 38. Qxd5 {[%emt 0:00:03]} Rxd5 {[%emt 0:00:05]} 39. Rfxg6 {[%emt 0:00:02]} Nf5 {[%emt 0:00:42]} 40. R6g5 {[%emt 0:00:03]} Kh6 {[%emt 0:00:35]} 41. h4 {[%emt 0:00:12]} Re5 {[%emt 0:00:48]} 42. Rf1 {[%emt 0:00:16]} 1-0

[Event "9th RTU Open 2019"]
[Site "Riga"]
[Date "2019.08.07"]
[Round "4.33"]
[White "Grinev, Valeriy"]
[Black "Haitin, Ilja"]
[Result "1-0"]
[WhiteElo "2437"]
[BlackElo "2315"]
[Annotator "NA"]
[PlyCount "107"]
[EventDate "2019.08.05"]
[EventType "swiss"]
[EventCountry "LAT"]
[SourceTitle "playchess.com"]
[Source "ChessBase"]
[SourceQuality "1"]
[TimeControl "5400+30"]

1. Nf3 {[%emt 0:08:36]} c5 {[%emt 0:00:00]} 2. c4 {[%emt 0:00:24]} g6 {[%emt 0:00:00]} 3. d4 {[%emt 0:02:40]} cxd4 {[%emt 0:00:00]} 4. Nxd4 {[%emt 0:00:08]} Nc6 {[%emt 0:00:14]} 5. e4 {[%emt 0:00:08]} Nf6 {[%emt 0:00:17]} 6. Nc3 {[%emt 0:00:07]} Nxd4 {[%emt 0:00:07]} 7. Qxd4 {[%emt 0:00:18]} d6 {[%emt 0:00:05]} 8. Be3 {[%emt 0:00:08]} Bg7 {[%emt 0:00:05]} 9. f3 {[%emt 0:00:05]} O-O {[%emt 0:00:04]} 10. Qd2 {[%emt 0:00:04]} Qa5 {[%emt 0:01:28]} 11. Rc1 {[%emt 0:00:12]} Be6 {[%emt 0:00:42]} 12. b3 {[%emt 0:00:09]} a6 {[%emt 0:00:43]} 13. Na4 {[%emt 0:00:18]} Qxd2+ {[%emt 0:00:14]} 14. Kxd2 {[%emt 0:00:10]} Nd7 {[%emt 0:00:26]} 15. g4 {[%emt 0:00:29]} f5 {[%emt 0:01:36]} 16. exf5 {[%emt 0:00:38]} gxf5 {[%emt 0:00:00]} 17. h3 {[%emt 0:00:25]} d5 {[%emt 0:09:01]} 18. Nc5 {[%emt 0:18:58]} Nxc5 {[%emt 0:05:06]} 19. Bxc5 {[%emt 0:00:29]} Rfd8 {[%emt 0:32:56]} 20. Ke1 {[%emt 0:36:01]} Rac8 {[%emt 0:04:20]} 21. Be3 {[%emt 0:01:10]} dxc4 {[%emt 0:07:48]} 22. Bxc4 {[%emt 0:04:18]} Bxc4 {[%emt 0:01:05]} 23. bxc4 {[%emt 0:00:10]} Rd3 {[%emt 0:20:58]} 24. Ke2 {[%emt 0:00:09]} Ra3 {[%emt 0:02:07]} 25. Rc2 {[%emt 0:00:17]} fxg4 {[%emt 0:09:39]} 26. hxg4 {[%emt 0:00:15]} Rc6 {[%emt 0:00:01]} 27. Rd1 {[%emt 0:01:57]} Re6 {[%emt 0:02:40]} 28. Rd3 {[%emt 0:00:31]} Rxd3 {[%emt 0:00:22]} 29. Kxd3 {[%emt 0:00:08]} Rd6+ {[%emt 0:01:00]} 30. Ke2 {[%emt 0:00:10]} Kf7 {[%emt 0:00:50]} 31. c5 {[%emt 0:02:21]} Rd5 {[%emt 0:00:16]} 32. Rc4 {[%emt 0:00:35]} h5 {[%emt 0:00:51]} 33. Rb4 {[%emt 0:07:50]} hxg4 {[%emt 0:00:02]} 34. fxg4 {[%emt 0:00:03]} Rd7 {[%emt 0:00:39]} 35. Kf3 {[%emt 0:00:07]} Rc7 {[%emt 0:01:13]} 36. Ke4 {[%emt 0:00:09]} e6 {[%emt 0:00:11]} 37. Rb1 {[%emt 0:09:07]} Bf8 {[%emt 0:00:17]} 38. Rf1+ {[%emt 0:00:05]} Ke8 {[%emt 0:00:22]} 39. Rc1 {[%emt 0:01:08]} Rg7 {[%emt 0:00:16]} 40. g5 {[%emt 0:00:31]} Be7 {[%emt 0:00:54]} 41. Rg1 {[%emt 0:00:14]} Kf7 {[%emt 0:00:20]} 42. Ke5 {[%emt 0:00:17]} Rg6 {[%emt 0:00:48]} 43. Rb1 {[%emt 0:00:31]} Bxg5 {[%emt 0:00:23]} 44. Rxb7+ {[%emt 0:00:06]} Ke8 {[%emt 0:00:43]} 45. Bxg5 {[%emt 0:00:35]} Rxg5+ {[%emt 0:00:01]} 46. Kxe6 {[%emt 0:00:09]} Kd8 {[%emt 0:00:56]} 47. Kd6 {[%emt 0:02:44]} Kc8 {[%emt 0:00:36]} 48. Re7 {[%emt 0:00:30]} Rg6+ {[%emt 0:00:32]} 49. Re6 {[%emt 0:00:07]} Rg2 {[%emt 0:00:26]} 50. Re8+ {[%emt 0:00:12]} Kb7 {[%emt 0:00:05]} 51. c6+ {[%emt 0:00:05]} Kb6 {[%emt 0:00:21]} 52. Rb8+ {[%emt 0:00:07]} Ka7 {[%emt 0:00:05]} 53. c7 {[%emt 0:00:05]} Rd2+ {[%emt 0:00:47]} 54. Ke5 {[%emt 0:00:08]} 1-0

[Event "9th RTU Open 2019"]
[Site "Riga"]
[Date "2019.08.08"]
[Round "5.1"]
[White "Kovalenko, Igor"]
[Black "Puranik, Abhimanyu"]
[Result "1/2-1/2"]
[WhiteElo "2654"]
[BlackElo "2550"]
[Annotator "ChessBase"]
[PlyCount "250"]
[EventDate "2019.08.05"]
[EventType "swiss"]
[EventCountry "LAT"]
[SourceTitle "playchess.com"]
[Source "ChessBase"]
[SourceQuality "1"]
[TimeControl "5400+30"]

1. d4 {[%emt 0:00:00]} Nf6 {[%emt 0:00:00]} 2. Nf3 {[%emt 0:00:00]} g6 {[%emt 0:00:00]} 3. Bf4 {[%emt 0:00:00]} Bg7 {[%emt 0:00:00]} 4. e3 {[%emt 0:00:00]} d6 {[%emt 0:00:07]} 5. h3 {[%emt 0:00:00]} O-O {[%emt 0:00:25]} 6. c3 {[%emt 0:00:00]} b6 {[%emt 0:04:44]} 7. a4 {[%emt 0:02:23]} a6 {[%emt 0:00:53]} 8. Bc4 {[%emt 0:00:03]} Bb7 {[%emt 0:00:34]} 9. O-O {[%emt 0:00:10]} c5 {[%emt 0:06:24]} 10. Re1 {[%emt 0:01:02]} Nbd7 {[%emt 0:07:12]} 11. Bh2 {[%emt 0:02:03]} Bc6 {[%emt 0:09:34]} 12. d5 {[%emt 0:21:57]} Bxa4 {[%emt 0:03:32]} 13. Qxa4 {[%emt 0:00:03]} b5 {[%emt 0:00:05]} 14. Qa2 {[%emt 0:00:06]} bxc4 {[%emt 0:00:07]} 15. e4 {[%emt 0:00:01]} Nb6 {[%emt 0:04:05]} 16. Na3 {[%emt 0:00:16]} Qd7 {[%emt 0:04:28]} 17. Nd2 {[%emt 0:00:44]} Qc7 {[%emt 0:16:15]} 18. Ndxc4 {[%emt 0:03:15]} Nfd7 {[%emt 0:00:35]} 19. Bg3 {[%emt 0:01:45]} Nxc4 {[%emt 0:03:17]} 20. Nxc4 {[%emt 0:00:02]} a5 {[%emt 0:00:07]} 21. Qb3 {[%emt 0:16:45]} Rfb8 {[%emt 0:04:27]} 22. Qc2 {[%emt 0:02:11]} Kf8 {[%emt 0:01:32]} 23. Re2 {[%emt 0:09:44]} Nb6 {[%emt 0:01:10]} 24. Ne3 {[%emt 0:00:02]} a4 {[%emt 0:04:13]} 25. Ra3 {[%emt 0:00:38]} c4 {[%emt 0:00:31]} 26. f4 {[%emt 0:00:27]} Ra5 {[%emt 0:01:09]} 27. Bf2 {[%emt 0:01:36]} Rb5 {[%emt 0:02:11]} 28. Qc1 {[%emt 0:02:43]} Rb3 {[%emt 0:04:18]} 29. Qa1 {[%emt 0:00:18]} Qb7 {[%emt 0:05:43]} 30. Kh2 {[%emt 0:02:50]} h5 {[%emt 0:03:26]} 31. g3 {[%emt 0:01:57]} e6 {[%emt 0:02:18]} 32. dxe6 {[%emt 0:07:40]} fxe6 {[%emt 0:03:43]} 33. Ng2 {[%emt 0:01:49]} Kf7 {[%emt 0:02:49]} 34. Nh4 {[%emt 0:06:17]} Nd7 {[%emt 0:02:03]} 35. Rxb3 {[%emt 0:00:59]} Qxb3 {[%emt 0:02:07]} 36. f5 {[%emt 0:00:33]} Ne5 {[%emt 0:01:06]} 37. Bd4 {[%emt 0:00:33]} exf5 {[%emt 0:01:25]} 38. exf5 {[%emt 0:01:12]} g5 {[%emt 0:00:02]} 39. Bxe5 {[%emt 0:00:26]} Bxe5 {[%emt 0:00:41]} 40. Nf3 {[%emt 0:00:23]} Bf6 {[%emt 0:00:45]} 41. Qc1 {[%emt 0:00:32]} Re8 {[%emt 0:00:53]} 42. Rf2 {[%emt 0:01:14]} Qb6 {[%emt 0:00:26]} 43. Kg2 {[%emt 0:02:38]} Qe3 {[%emt 0:00:53]} 44. Qf1 {[%emt 0:05:47]} Qe4 {[%emt 0:00:25]} 45. Kh2 {[%emt 0:00:02]} d5 {[%emt 0:00:29]} 46. Nd2 {[%emt 0:01:58]} Qe3 {[%emt 0:00:48]} 47. Qg2 {[%emt 0:00:27]} Kg7 {[%emt 0:00:39]} 48. Nf1 {[%emt 0:00:17]} Qe5 {[%emt 0:00:17]} 49. Qf3 {[%emt 0:00:11]} Kh6 {[%emt 0:00:54]} 50. Rd2 {[%emt 0:01:04]} Qe4 {[%emt 0:00:06]} 51. Qg2 {[%emt 0:05:03]} Qxg2+ {[%emt 0:00:25]} 52. Kxg2 {[%emt 0:00:02]} g4 {[%emt 0:00:09]} 53. h4 {[%emt 0:01:01]} Re5 {[%emt 0:00:23]} 54. Kf2 {[%emt 0:00:41]} Rxf5+ {[%emt 0:00:14]} 55. Ke2 {[%emt 0:00:00]} Kg6 {[%emt 0:01:45]} 56. Rd1 {[%emt 0:00:51]} a3 {[%emt 0:00:30]} 57. bxa3 {[%emt 0:00:02]} Bxc3 {[%emt 0:00:20]} 58. Ne3 {[%emt 0:00:03]} Rf3 {[%emt 0:00:45]} 59. Rxd5 {[%emt 0:00:07]} Bf6 {[%emt 0:00:18]} 60. a4 {[%emt 0:01:13]} Rxg3 {[%emt 0:00:11]} 61. a5 {[%emt 0:00:03]} Rh3 {[%emt 0:00:44]} 62. Nxc4 {[%emt 0:00:28]} Rh2+ {[%emt 0:00:19]} 63. Ke3 {[%emt 0:00:34]} Ra2 {[%emt 0:00:58]} 64. Ne5+ {[%emt 0:01:22]} Kg7 {[%emt 0:00:14]} 65. Nd3 {[%emt 0:02:39]} g3 {[%emt 0:00:46]} 66. Nf4 {[%emt 0:00:08]} g2 {[%emt 0:00:29]} 67. Nxg2 {[%emt 0:01:08]} Rxg2 {[%emt 0:00:04]} 68. Rxh5 {[%emt 0:00:02]} Ra2 {[%emt 0:00:12]} 69. Rd5 {[%emt 0:01:12]} Bc3 {[%emt 0:00:39]} 70. Rd7+ {[%emt 0:00:29]} Kf6 {[%emt 0:00:10]} 71. h5 {[%emt 0:00:16]} Rxa5 {[%emt 0:00:48]} 72. h6 {[%emt 0:00:05]} Kg6 {[%emt 0:00:09]} 73. h7 {[%emt 0:00:08]} Ra4 {[%emt 0:00:27]} 74. Kf3 {[%emt 0:00:12]} Bg7 {[%emt 0:00:04]} 75. Rc7 {[%emt 0:00:15]} Kxh7 {[%emt 0:00:07]} 76. Rc6 {[%emt 0:00:02]} Ba1 {[%emt 0:01:00]} 77. Ke3 {[%emt 0:00:07]} Kg7 {[%emt 0:00:03]} 78. Kd3 {[%emt 0:00:02]} Bf6 {[%emt 0:00:11]} 79. Rc4 {[%emt 0:00:09]} Ra5 {[%emt 0:00:04]} 80. Ke4 {[%emt 0:00:11]} Kg6 {[%emt 0:00:10]} 81. Kf4 {[%emt 0:00:47]} Be5+ {[%emt 0:00:39]} 82. Ke4 {[%emt 0:00:05]} Kf7 {[%emt 0:00:18]} 83. Rc6 {[%emt 0:00:07]} Ke7 {[%emt 0:00:05]} 84. Rg6 {[%emt 0:00:24]} Bf6 {[%emt 0:00:06]} 85. Rg8 {[%emt 0:00:02]} Ke6 {[%emt 0:00:06]} 86. Re8+ {[%emt 0:00:04]} Be7 {[%emt 0:00:04]} 87. Kd4 {[%emt 0:00:15]} Ra4+ {[%emt 0:00:02]} 88. Kd3 {[%emt 0:00:07]} Kd6 {[%emt 0:00:03]} 89. Rh8 {[%emt 0:00:16]} Bg5 {[%emt 0:00:31]} 90. Rg8 {[%emt 0:00:14]} Bf6 {[%emt 0:00:09]} 91. Rb8 {[%emt 0:00:08]} Kc5 {[%emt 0:00:18]} 92. Rf8 {[%emt 0:00:58]} Be5 {[%emt 0:00:09]} 93. Rd8 {[%emt 0:00:04]} Bd6 {[%emt 0:00:19]} 94. Ke3 {[%emt 0:00:08]} Kd5 {[%emt 0:00:07]} 95. Kd3 {[%emt 0:00:07]} Ra3+ {[%emt 0:00:03]} 96. Kd2 {[%emt 0:00:04]} Rh3 {[%emt 0:00:27]} 97. Rd7 {[%emt 0:00:48]} Ke5 {[%emt 0:00:38]} 98. Rd8 {[%emt 0:00:11]} Bb4+ {[%emt 0:00:28]} 99. Ke2 {[%emt 0:00:06]} Ke4 {[%emt 0:00:15]} 100. Re8+ {[%emt 0:00:05]} Kf4 {[%emt 0:00:05]} 101. Rd8 {[%emt 0:00:49]} Rh2+ {[%emt 0:00:17]} 102. Kd1 {[%emt 0:00:17]} Ke3 {[%emt 0:00:35]} 103. Re8+ {[%emt 0:00:09]} Kd3 {[%emt 0:00:07]} 104. Rd8+ {[%emt 0:00:02]} Kc3 {[%emt 0:00:08]} 105. Ke1 {[%emt 0:00:29]} Kc4+ {[%emt 0:01:24]} 106. Kf1 {[%emt 0:00:04]} Bc5 {[%emt 0:00:08]} 107. Rc8 {[%emt 0:01:06]} Kd4 {[%emt 0:01:41]} 108. Rc6 {[%emt 0:06:15]} Kd5 {[%emt 0:02:02]} 109. Rc8 {[%emt 0:00:09]} Be3 {[%emt 0:00:16]} 110. Re8 {[%emt 0:01:57]} Kd4 {[%emt 0:00:11]} 111. Rd8+ {[%emt 0:00:43]} Ke4 {[%emt 0:00:05]} 112. Ke1 {[%emt 0:00:14]} Bd4 {[%emt 0:03:24]} 113. Kf1 {[%emt 0:00:46]} Rf2+ {[%emt 0:00:19]} 114. Ke1 {[%emt 0:00:02]} Ke3 {[%emt 0:00:09]} 115. Rg8 {[%emt 0:01:55]} Rf3 {[%emt 0:00:49]} 116. Rg2 {[%emt 0:00:22]} Rh3 {[%emt 0:01:11]} 117. Kd1 {[%emt 0:00:16]} Kd3 {[%emt 0:00:46]} 118. Rd2+ {[%emt 0:00:02]} Kc4 {[%emt 0:00:23]} 119. Rg2 {[%emt 0:00:07]} Bc3 {[%emt 0:00:20]} 120. Ke2 {[%emt 0:00:04]} Rd3 {[%emt 0:00:20]} 121. Rg8 {[%emt 0:00:07]} Rh3 {[%emt 0:00:19]} 122. Rc8+ {[%emt 0:00:16]} Kd5 {[%emt 0:00:09]} 123. Kf2 {[%emt 0:00:28]} Ke4 {[%emt 0:00:10]} 124. Kg2 {[%emt 0:00:02]} Rd3 {[%emt 0:00:06]} 125. Rc4+ {[%emt 0:00:25]} Ke5 {[%emt 0:00:04]} 1/2-1/2

[Event "9th RTU Open 2019"]
[Site "Riga"]
[Date "2019.08.08"]
[Round "5.2"]
[White "Abasov, Nijat"]
[Black "Pultinevicius, Paulius"]
[Result "1/2-1/2"]
[WhiteElo "2641"]
[BlackElo "2481"]
[Annotator "ChessBase"]
[PlyCount "87"]
[EventDate "2019.08.05"]
[EventType "swiss"]
[EventCountry "LAT"]
[SourceTitle "playchess.com"]
[Source "ChessBase"]
[SourceQuality "1"]
[TimeControl "5400+30"]

1. c4 {[%emt 0:03:36]} c6 {[%emt 0:00:00]} 2. Nc3 {[%emt 0:04:06]} d5 {[%emt 0:00:01]} 3. d4 {[%emt 0:00:48]} Nf6 {[%emt 0:00:06]} 4. cxd5 {[%emt 0:00:07]} cxd5 {[%emt 0:00:08]} 5. Bf4 {[%emt 0:00:05]} a6 {[%emt 0:00:49]} 6. e3 {[%emt 0:00:39]} Nc6 {[%emt 0:00:19]} 7. Bd3 {[%emt 0:01:07]} Bg4 {[%emt 0:03:47]} 8. Nge2 {[%emt 0:00:15]} e6 {[%emt 0:00:36]} 9. O-O {[%emt 0:00:51]} Bd6 {[%emt 0:04:00]} 10. Qd2 {[%emt 0:08:31]} Bxe2 {[%emt 0:04:25]} 11. Nxe2 {[%emt 0:00:47]} O-O {[%emt 0:01:18]} 12. Rfc1 {[%emt 0:00:16]} Bxf4 {[%emt 0:00:43]} 13. Nxf4 {[%emt 0:00:11]} Qd6 {[%emt 0:00:22]} 14. Rc3 {[%emt 0:05:13]} Rfc8 {[%emt 0:03:35]} 15. Rac1 {[%emt 0:00:50]} Rc7 {[%emt 0:05:16]} 16. a3 {[%emt 0:06:49]} h6 {[%emt 0:03:48]} 17. h3 {[%emt 0:01:12]} Rac8 {[%emt 0:03:34]} 18. b4 {[%emt 0:02:46]} Ne7 {[%emt 0:06:58]} 19. Ne2 {[%emt 0:06:02]} Ne4 {[%emt 0:06:49]} 20. Rxc7 {[%emt 0:00:39]} Rxc7 {[%emt 0:00:05]} 21. Qb2 {[%emt 0:01:30]} Qd7 {[%emt 0:02:43]} 22. Rxc7 {[%emt 0:15:54]} Qxc7 {[%emt 0:00:07]} 23. Bxe4 {[%emt 0:00:27]} dxe4 {[%emt 0:00:06]} 24. Qc3 {[%emt 0:00:08]} Qd7 {[%emt 0:03:23]} 25. Qc5 {[%emt 0:00:38]} Nd5 {[%emt 0:01:20]} 26. Nc3 {[%emt 0:00:16]} Nxc3 {[%emt 0:01:36]} 27. Qxc3 {[%emt 0:00:11]} Qd5 {[%emt 0:03:01]} 28. a4 {[%emt 0:00:16]} f5 {[%emt 0:06:00]} 29. Qc2 {[%emt 0:05:41]} Kh7 {[%emt 0:03:48]} 30. g3 {[%emt 0:00:29]} Qd7 {[%emt 0:01:20]} 31. Kg2 {[%emt 0:00:25]} Qe8 {[%emt 0:00:54]} 32. Qc4 {[%emt 0:01:46]} b5 {[%emt 0:05:35]} 33. axb5 {[%emt 0:00:13]} axb5 {[%emt 0:00:02]} 34. Qc5 {[%emt 0:01:09]} Qd7 {[%emt 0:00:17]} 35. h4 {[%emt 0:06:13]} Qd5 {[%emt 0:05:19]} 36. Qf8 {[%emt 0:00:49]} Qc4 {[%emt 0:01:27]} 37. Qe8 {[%emt 0:00:42]} Qd5 {[%emt 0:01:45]} 38. h5 {[%emt 0:00:53]} Qc4 {[%emt 0:01:02]} 39. g4 {[%emt 0:03:34]} Qe2 {[%emt 0:01:41]} 40. Qg6+ {[%emt 0:00:50]} Kh8 {[%emt 0:00:04]} 41. gxf5 {[%emt 0:01:40]} Qf3+ {[%emt 0:00:04]} 42. Kg1 {[%emt 0:00:10]} exf5 {[%emt 0:00:04]} 43. Qe8+ {[%emt 0:01:59]} Kh7 {[%emt 0:00:04]} 44. Qg6+ {[%emt 0:00:07]} 1/2-1/2

[Event "9th RTU Open 2019"]
[Site "Riga"]
[Date "2019.08.08"]
[Round "5.3"]
[White "Thybo, Jesper Sondergaard"]
[Black "Hovhannisyan, Robert"]
[Result "1/2-1/2"]
[WhiteElo "2528"]
[BlackElo "2640"]
[Annotator "ChessBase"]
[PlyCount "85"]
[EventDate "2019.08.05"]
[EventType "swiss"]
[EventCountry "LAT"]
[SourceTitle "playchess.com"]
[Source "ChessBase"]
[SourceQuality "1"]
[TimeControl "5400+30"]

1. d4 {[%emt 0:06:57]} d5 {[%emt 0:00:00]} 2. Nf3 {[%emt 0:00:07]} e6 {[%emt 0:00:00]} 3. c4 {[%emt 0:00:27]} a6 {[%emt 0:00:18]} 4. cxd5 {[%emt 0:02:31]} exd5 {[%emt 0:00:05]} 5. Nc3 {[%emt 0:00:05]} Nf6 {[%emt 0:00:22]} 6. Bg5 {[%emt 0:02:44]} Be6 {[%emt 0:00:20]} 7. e3 {[%emt 0:01:27]} Nbd7 {[%emt 0:00:19]} 8. Bd3 {[%emt 0:02:35]} Bd6 {[%emt 0:00:33]} 9. O-O {[%emt 0:00:48]} c6 {[%emt 0:03:13]} 10. Bf4 {[%emt 0:07:00]} Qc7 {[%emt 0:01:12]} 11. Bxd6 {[%emt 0:04:00]} Qxd6 {[%emt 0:00:06]} 12. h3 {[%emt 0:01:49]} O-O {[%emt 0:00:14]} 13. Qc2 {[%emt 0:01:31]} Rfe8 {[%emt 0:04:29]} 14. Rab1 {[%emt 0:03:15]} a5 {[%emt 0:06:23]} 15. a3 {[%emt 0:02:18]} g6 {[%emt 0:01:40]} 16. Rfc1 {[%emt 0:03:27]} Rac8 {[%emt 0:07:22]} 17. Na4 {[%emt 0:06:22]} Ne4 {[%emt 0:06:55]} 18. b4 {[%emt 0:05:01]} b5 {[%emt 0:06:28]} 19. Nc5 {[%emt 0:00:20]} Ndxc5 {[%emt 0:01:01]} 20. dxc5 {[%emt 0:01:00]} Qc7 {[%emt 0:02:40]} 21. Nd4 {[%emt 0:03:54]} a4 {[%emt 0:02:32]} 22. Bxe4 {[%emt 0:08:14]} dxe4 {[%emt 0:00:13]} 23. Nxe6 {[%emt 0:00:05]} Rxe6 {[%emt 0:00:10]} 24. Rd1 {[%emt 0:00:03]} Rd8 {[%emt 0:10:06]} 25. Rxd8+ {[%emt 0:00:07]} Qxd8 {[%emt 0:00:04]} 26. Rd1 {[%emt 0:00:03]} Qf6 {[%emt 0:00:35]} 27. Rd4 {[%emt 0:01:39]} Kg7 {[%emt 0:06:51]} 28. Qd1 {[%emt 0:00:10]} h5 {[%emt 0:00:19]} 29. Rd7 {[%emt 0:02:11]} h4 {[%emt 0:06:28]} 30. Qd4 {[%emt 0:00:18]} Qxd4 {[%emt 0:19:27]} 31. exd4 {[%emt 0:00:07]} e3 {[%emt 0:00:08]} 32. Kf1 {[%emt 0:00:41]} Kf8 {[%emt 0:00:24]} 33. d5 {[%emt 0:06:34]} cxd5 {[%emt 0:00:05]} 34. Rxd5 {[%emt 0:00:10]} Re4 {[%emt 0:00:31]} 35. fxe3 {[%emt 0:06:21]} Rxe3 {[%emt 0:02:08]} 36. c6 {[%emt 0:00:06]} Ke7 {[%emt 0:00:53]} 37. Rxb5 {[%emt 0:01:46]} Rxa3 {[%emt 0:01:14]} 38. Rb7+ {[%emt 0:01:21]} Kd8 {[%emt 0:01:54]} 39. b5 {[%emt 0:00:46]} Rb3 {[%emt 0:00:56]} 40. b6 {[%emt 0:08:29]} Kc8 {[%emt 0:00:27]} 41. Rc7+ {[%emt 0:01:01]} Kb8 {[%emt 0:00:07]} 42. Rb7+ {[%emt 0:00:12]} Kc8 {[%emt 0:00:06]} 43. Rc7+ {[%emt 0:00:27]} 1/2-1/2